000 01129cam a2200337 a 4500
001 10747474
003 USPCAS-E
005 20180118181418.0
006 m d
007 cr n
008 021210s2003 enka sb 001 0 eng d
020 _a047084857X (alk. paper)
035 _a(WaSeSS)ssj0000072016
040 _aDLC
_cDLC
_dDLC
_dWaSeSS
050 4 _aTK2931
_b.L37 2003
082 0 0 _a621.312429
_221
_bLAR-F 2003
100 1 _aLarminie, James.
210 1 0 _aFuel cell systems explained
245 1 0 _aFuel cell systems explained
_h[electronic resource] /
_cJames Larminie, Andrew Dicks.
250 _a2nd ed.
260 _aChichester, West Sussex :
_bJ. Wiley,
_cc2003.
502 _a.
504 _aIncludes bibliographical references and index.
506 _aLicense restrictions may limit access.
650 0 _aFuel cells.
700 1 _aDicks, Andrew.
773 0 _tWiley-Blackwell Online Books
856 4 0 _uhttp://www.columbia.edu/cgi-bin/cul/resolve?clio10747474
_zFull text available from Wiley-Blackwell Online Books
910 _aLibrary of Congress record
942 _2ddc
_cBK
999 _c355922
_d355922